Normale Ansicht MARC-Ansicht ISBD

Machtkämpfe und soziale Wandlungen in der Sowjetunion : (Titelsatznr. 12437)

[ MARC ]
MARC-Details
000 -Satzkennung
Kontrollfeld mit fester Länge 00570nam a22002051c 4500
001 - Kontrollnummer
Kontrollfeld tt001046499
008 - Feld mit fester Länge zur physischen Beschreibung - Allgemeine Angaben
Kontrollfeld mit fester Länge 051024s ger d
041 ## - Sprachcode
Sprachcode des Textes/der Tonspur oder des separaten Titels ger
040 ## - Katalogisierungsquelle
Übertragungsstelle RU-10907106
003 - Kontrollnummer Identifier
Kontrollfeld RU-10907106
100 1# - Haupteintragung - Personenname
Personenname Rauch, Georg von
245 00 - Titel
Titel Machtkämpfe und soziale Wandlungen in der Sowjetunion :
Zusatz zum Titel 1923 - 1961 /
Verfasserangabe etc. Georg von Rauch
264 ## - Produktion, Veröffentlichung, Distribution, Herstellung und Urheberrechtsvermerk
Herstellungs-, Veröffentlichungs- Vertriebs-, Erzeugungsort Stuttgart :
Produzent, Herausgeber, Distributor, Hersteller Klett,
Datum der Herstellung, der Veröffentlichung, des Vertriebs oder des Urheberschutzvermerks [2005]
300 ## - Physische Beschreibung
Umfang 94 S.
490 #0 - Gesamttitelangabe
Gesamttitelangabe Quellen- und Arbeitshefte zur Geschichte und Gemeinschaftskunde
Bandnummer/Folgebezeichnung 4261
648 #0 - Nebeneintragung unter einem Schlagwort - Zeitschlagwort
Zeitschlagwort 1923-1961
651 #0 - Nebeneintragung unter einem Schlagwort - Geografischer Name
Geografischer Name Sowjetunion
655 #0 - Indexierungsterm - Genre/Form
Genre/Form oder fokussierter Term Quelle
942 ## - Zusätzliche Felder (Koha)
Koha-Medientyp Monographien
Exemplare
Ausgeschieden Verloren Klassifikation oder Aufstellungssystematik Beschädigt Nicht entleihbar Heimatbibliothek Aufenthaltsbibliothek Aufstellungsort Erwerbungsdatum Inventarnummer Signatur Barcode Letzte Aktivität Preis gültig von Koha-Medientyp
    Andere/Generische Klassifikation     MWN Osteuropa MWN Osteuropa Magazin - 2 24/10/2005 05-07651 R 60 ec Rau E00401506CBDE929 22/02/2021 22/03/2021 Monographien